Statistiken für Hauptstädte der Welt Quiz

Klicken Sie hier um das Quiz zu spielen!

Allgemein

  • Dieses Quiz wurde 88.622 mal gespielt
  • Das Durchschnittsergebnis liegt bei 97 aus 196

Antwortstatistiken

LandHauptstadt% Korrekt
DeutschlandBerlin
97%
FrankreichParis
96%
ItalienRom
95%
Vereinigtes
Königreich
London
93%
ÖsterreichWien
93%
RusslandMoskau
92%
SpanienMadrid
92%
NorwegenOslo
91%
GriechenlandAthen
91%
NiederlandeAmsterdam
91%
SchweizBern
91%
BelgienBrüssel
91%
LuxemburgLuxemburg
90%
PolenWarschau
90%
DänemarkKopenhagen
89%
PortugalLissabon
89%
IrlandDublin
89%
FinnlandHelsinki
88%
SchwedenStockholm
87%
Vereinigte StaatenWashington D.C.
87%
VatikanstadtVatikanstadt
87%
TschechienPrag
87%
JapanTokio
86%
MonacoMonaco
85%
ChinaPeking
84%
UngarnBudapest
84%
BulgarienSofia
83%
UkraineKiew
82%
RumänienBukarest
80%
San MarinoSan Marino
80%
IslandReykjavík
80%
TürkeiAnkara
78%
KroatienZagreb
78%
BrasilienBrasília
78%
MexikoMexiko-Stadt
78%
ÄgyptenKairo
78%
LettlandRiga
77%
IsraelJerusalem
76%
BelarusMinsk
76%
IndienNeu-Delhi
74%
EstlandTallinn
74%
SüdkoreaSeoul
73%
AustralienCanberra
72%
LiechtensteinVaduz
71%
AlbanienTirana
70%
Bosnien und
Herzegovina
Sarajevo
68%
KanadaOttawa
68%
ArgentinienBuenos Aires
68%
SingapurSingapur
67%
LitauenVilnius
66%
SerbienBelgrad
66%
MaltaValletta
66%
IrakBagdad
65%
AfghanistanKabul
65%
PeruLima
64%
IranTeheran
64%
SlowakeiBratislava
64%
KubaHavanna
63%
SlowenienLjubljana
63%
SüdafrikaPretoria,
Kapstadt oder
Bloemfontein
63%
ThailandBangkok
62%
ChileSantiago
61%
AlgerienAlgier
60%
PanamaPanama-Stadt
60%
TunesienTunis
59%
AserbaidschanBaku
58%
NordmazedonienSkopje
58%
NordkoreaPjöngjang
58%
AndorraAndorra la
Vella
58%
NeuseelandWellington
57%
KosovoPriština
57%
SyrienDamaskus
57%
IndonesienJakarta
57%
VietnamHanoi
56%
Vereinigte Arabische
Emirate
Abu Dhabi
55%
UruguayMontevideo
55%
KolumbienBogotá
55%
ZypernNikosia
54%
Saudi-ArabienRiad
54%
VenezuelaCaracas
52%
PakistanIslamabad
52%
PhilippinenManila
52%
St. Vincent und die
Grenadinen
Kingstown
51%
JamaikaKingston
51%
GeorgienTiflis
51%
MoldawienChișinău
51%
LibanonBeirut
50%
MongoleiUlaanbaatar
50%
MalaysiaKuala Lumpur
50%
KuwaitKuwait-Stadt
50%
El SalvadorSan Salvador
50%
BolivienLa Paz oder
Sucre
50%
EcuadorQuito
50%
MarokkoRabat
49%
MaledivenMalé
49%
TaiwanTaipeh
49%
KasachstanNur-Sultan
48%
KeniaNairobi
48%
GuatemalaGuatemala-
Stadt
46%
MontenegroPodgorica
46%
NepalKathmandu
45%
ÄthiopienAddis Abeba
45%
KatarDoha
44%
BangladeschDhaka
44%
ArmenienJerewan
43%
HaitiPort-au-Prince
43%
SenegalDakar
42%
JordanienAmman
41%
JemenSanaa
41%
DschibutiDschibuti
41%
LibyenTripolis
40%
BahamasNassau
40%
Costa RicaSan José
39%
KambodschaPhnom Penh
39%
ParaguayAsunción
39%
NamibiaWindhoek
39%
GuyanaGeorgetown
38%
AngolaLuanda
37%
Sierra LeoneFreetown
36%
Kongo (Dem. Rep.)Kinshasa
36%
GhanaAccra
36%
Dominikanische
Republik
Santo Domingo
36%
UsbekistanTaschkent
36%
OmanMaskat
35%
SomaliaMogadischu
35%
OsttimorDili
34%
São Tomé und
Príncipe
São Tomé
34%
BahrainManama
34%
Guinea-BissauBissau
34%
MadagaskarAntananarivo
33%
KirgisistanBischkek
33%
NicaraguaManagua
33%
Trinidad und
Tobago
Port-of-Spain
33%
Kongo (Rep.)Brazzaville
32%
LaosVientiane
32%
TurkmenistanAşgabat
31%
SurinameParamaribo
31%
TadschikistanDuschanbe
31%
BelizeBelmopan
30%
Burkina FasoOuagadougou
30%
GabunLibreville
30%
BhutanThimphu
29%
SeychellenVictoria
29%
HondurasTegucigalpa
29%
SudanKhartum
28%
KamerunJaunde
28%
TogoLomé
28%
Antigua und
Barbuda
Saint John's
28%
BarbadosBridgetown
28%
SimbabweHarare
27%
FidschiSuva
27%
LiberiaMonrovia
27%
NigeriaAbuja
27%
Papua-NeuguineaPort Moresby
27%
GrenadaSaint George's
27%
MosambikMaputo
26%
RuandaKigali
26%
EritreaAsmara
26%
BeninPorto-Novo oder
Cotonou
26%
UgandaKampala
26%
BruneiBandar Seri
Begawan
26%
DominicaRoseau
25%
SambiaLusaka
25%
MaliBamako
25%
BotswanaGaborone
25%
MauritiusPort Louis
25%
Sri LankaSri
Jayawardenepura
Kotte
25%
SüdsudanJuba
25%
TansaniaDodoma
24%
Kap VerdePraia
24%
NigerNiamey
24%
ElfenbeinküsteYamoussoukro
23%
MalawiLilongwe
23%
GambiaBanjul
23%
Zentralafrikanische
Republik
Bangui
23%
GuineaConakry
23%
MyanmarNaypyidaw
22%
TschadN'Djamena
22%
VanuatuPort Vila
22%
SamoaApia
22%
LesothoMaseru
22%
KomorenMoroni
22%
EswatiniMbabane
22%
St. LuciaCastries
22%
Äquatorial-GuineaMalabo
22%
St. Kitts und NevisBasseterre
22%
MauretanienNouakchott
21%
TuvaluFunafuti
21%
BurundiGitega
20%
NauruYaren
20%
TongaNukuʻalofa
19%
SalomonenHoniara
18%
KiribatiSouth Tarawa
18%
MikronesienPalikir
18%
PalauNgerulmud
17%
MarshallinselnMajuro
17%

Verteilung der Resultate

Perzentil nach korrekt beantworteten Fragen

Anzahl Personen mit jedem Resultat

Ihre Resultats-Entwicklung

Sie haben dieses Quiz noch nicht gespielt